[Event "CAN-ch"]
[Site "Toronto CAN"]
[Date "2006.08.25"]
[Round "8"]
[White "Saint Amand, Paul"]
[Black "Urquhart, Eddie"]
[Result "1/2-1/2"]
[WhiteElo "2126"]
[BlackElo "2212"]
[PlyCount "88"]
[EventDate "2006.08.18"]
[EventType "swiss"]
[EventRounds "9"]
[EventCountry "CAN"]
[Source "Mark Crowther"]
[SourceDate "2006.08.28"]

1. e4 c5 2. c3 d6 3. d4 Nf6 4. Bd3 Nc6 5. Nf3 Bg4 6. d5 Bxf3 7. Qxf3 Ne5 8.
Bb5+ Ned7 9. O-O a6 10. Ba4 b5 11. Bc2 g6 12. Nd2 Bg7 13. Qe2 O-O 14. a4 Qb6
15. Nf3 Rfe8 16. Bd2 Qb7 17. Rfe1 Ng4 18. axb5 axb5 19. Bd3 c4 20. Bc2 Nc5 21.
h3 Ne5 22. Nxe5 Bxe5 23. Be3 Nb3 24. Bxb3 cxb3 25. Rxa8 Rxa8 26. Qd1 Ra4 27. f3
Bg3 28. Bf2 Bxf2+ 29. Kxf2 Qa7+ 30. Kg3 h5 31. Re2 g5 32. Qxb3 Kg7 33. Re1 h4+
34. Kh2 Qf2 35. Rc1 g4 36. hxg4 Qg3+ 37. Kg1 h3 38. Qc2 Ra8 39. Qd2 f6 40. Rf1
Ra2 41. Qf2 Qxg2+ 42. Qxg2 hxg2 43. Kxg2 Rxb2+ 44. Rf2 Rb3 1/2-1/2

[Event "CAN-ch"]
[Site "Toronto CAN"]
[Date "2006.08.25"]
[Round "8"]
[White "Stevens, Christian"]
[Black "Buscar, Michael"]
[Result "1/2-1/2"]
[WhiteElo "2314"]
[BlackElo "2127"]
[PlyCount "108"]
[EventDate "2006.08.18"]
[EventType "swiss"]
[EventRounds "9"]
[EventCountry "CAN"]
[Source "Mark Crowther"]
[SourceDate "2006.08.28"]

1. d4 d5 2. c4 e6 3. cxd5 exd5 4. Nc3 Nf6 5. Bg5 Be7 6. e3 c6 7. Qc2 h6 8. Bh4
O-O 9. Bd3 Nbd7 10. Nge2 Re8 11. O-O Ne4 12. Bxe4 Bxh4 13. Bh7+ Kh8 14. Bd3 Nf8
15. b4 a6 16. a4 Qd6 17. b5 axb5 18. axb5 Rxa1 19. Rxa1 Bd8 20. bxc6 Bc7 21. g3
bxc6 22. Ra7 Ne6 23. Kg2 Kg8 24. Ra1 Bb8 25. Rc1 Bd7 26. Na4 Ba7 27. h4 Rc8 28.
Qd2 Be8 29. Bb1 Qd8 30. Qd3 Nf8 31. Nf4 Bb8 32. Ne2 Bd6 33. Nc5 Qe7 34. Rc3 Rb8
35. Bc2 Ra8 36. Ng1 Ra5 37. Nb3 Ra8 38. Nc5 Ra5 39. Nb3 Ra8 40. Bb1 Rb8 41. Nf3
f6 42. Qd1 Bb4 43. Rc2 Qe6 44. Nc5 Bxc5 45. Rxc5 Bd7 46. Bd3 Rb2 47. Rc2 Rxc2
48. Qxc2 Qd6 49. Nd2 Be8 50. Bf5 g6 51. Bd3 h5 52. Qc3 Kg7 53. Qa5 Ne6 54. Qa7+
Qc7 1/2-1/2

[Event "CAN-ch"]
[Site "Toronto CAN"]
[Date "2006.08.26"]
[Round "9"]
[White "Buscar, Michael"]
[Black "Reeve, Jeff"]
[Result "1-0"]
[WhiteElo "2127"]
[BlackElo "2252"]
[PlyCount "81"]
[EventDate "2006.08.18"]
[EventType "swiss"]
[EventRounds "9"]
[EventCountry "CAN"]
[Source "Mark Crowther"]
[SourceDate "2006.08.28"]

1. d4 Nf6 2. Nf3 g6 3. Bf4 Bg7 4. e3 d6 5. Be2 O-O 6. O-O c5 7. c3 b6 8. Nbd2
Bb7 9. h3 Nbd7 10. Bh2 a6 11. a4 Qc7 12. Re1 Rfe8 13. Bf1 Rac8 14. Qb3 h6 15.
Rad1 cxd4 16. exd4 Bf8 17. Qa2 e6 18. c4 a5 19. Re3 Nb8 20. Qb1 Na6 21. Rde1
Nb4 22. b3 Nh5 23. Ne4 f5 24. Nc3 Qf7 25. d5 e5 26. g4 fxg4 27. hxg4 Nf6 28.
Bh3 g5 29. Nd2 Rcd8 30. Rf3 Be7 31. Nb5 Bc8 32. Ne4 Qg7 33. Nbxd6 Rxd6 34. Bxe5
Red8 35. Qb2 Kf7 36. Ree3 h5 37. Bxd6 Rxd6 38. Qe5 Rd8 39. Nxg5+ Kf8 40. gxh5
Bxh3 41. h6 1-0

[Event "CAN-ch"]
[Site "Toronto CAN"]
[Date "2006.08.26"]
[Round "9"]
[White "Chung, Kevin"]
[Black "Kaminski, Victor"]
[Result "0-1"]
[WhiteElo "2047"]
[BlackElo "2129"]
[PlyCount "112"]
[EventDate "2006.08.18"]
[EventType "swiss"]
[EventRounds "9"]
[EventCountry "CAN"]
[Source "Mark Crowther"]
[SourceDate "2006.08.28"]

1. e4 c6 2. d4 d5 3. exd5 cxd5 4. c4 Nf6 5. Nc3 e6 6. c5 b6 7. Bb5+ Bd7 8.
Bxd7+ Qxd7 9. cxb6 axb6 10. Nf3 Bb4 11. Qd3 Bxc3+ 12. Qxc3 O-O 13. O-O Ne4 14.
Qd3 Nc6 15. Be3 f6 16. Nd2 Nxd2 17. Bxd2 Ra4 18. Bc3 Rfa8 19. a3 e5 20. dxe5
fxe5 21. Rad1 d4 22. Bd2 Qd5 23. Rfe1 Re8 24. Rc1 b5 25. Qe4 Qxe4 26. Rxe4 Rc4
27. f4 Rxc1+ 28. Bxc1 Kf7 29. Kf1 Ke6 30. Ke2 Kd5 31. Kd3 b4 32. a4 Ra8 33. b3
g5 34. fxg5 Na5 35. Bf4 Re8 36. Bxe5 Nxb3 37. Rxd4+ Nxd4 38. Bxd4 Ra8 39. Bb2
Rxa4 40. h4 Ra2 41. Kc2 Kc4 42. g4 Ra5 43. Bf6 Ra3 44. h5 Rg3 45. g6 hxg6 46.
h6 Rh3 47. g5 Rh2+ 48. Kc1 Kb3 49. Be7 Rh4 50. Kd2 Ka2 51. Ke3 b3 52. Bf6 b2
53. Bxb2 Kxb2 54. Kf3 Kc3 55. Kg3 Rh5 56. Kf4 Kd4 0-1

[Event "CAN-ch"]
[Site "Toronto CAN"]
[Date "2006.08.26"]
[Round "9"]
[White "Findlay, Ian"]
[Black "Saint Amand, Paul"]
[Result "1/2-1/2"]
[WhiteElo "2325"]
[BlackElo "2126"]
[PlyCount "42"]
[EventDate "2006.08.18"]
[EventType "swiss"]
[EventRounds "9"]
[EventCountry "CAN"]
[Source "Mark Crowther"]
[SourceDate "2006.08.28"]

1. e4 e5 2. Nf3 Nc6 3. Bb5 a6 4. Ba4 Nf6 5. O-O Be7 6. Re1 b5 7. Bb3 d6 8. c3
O-O 9. h3 Na5 10. Bc2 c5 11. d4 Qc7 12. Nbd2 cxd4 13. cxd4 Rd8 14. Nf1 exd4 15.
Nxd4 d5 16. e5 Ne4 17. Bf4 Bc5 18. Ne3 Qb6 19. Nb3 Nxb3 20. Bxb3 Bb7 21. Qg4
Qg6 1/2-1/2

[Event "CAN-ch"]
[Site "Toronto CAN"]
[Date "2006.08.26"]
[Round "9"]
[White "Hamilton, Robert"]
[Black "Haessel, Dale"]
[Result "0-1"]
[WhiteElo "2333"]
[BlackElo "2195"]
[PlyCount "84"]
[EventDate "2006.08.18"]
[EventType "swiss"]
[EventRounds "9"]
[EventCountry "CAN"]
[Source "Mark Crowther"]
[SourceDate "2006.08.28"]

1. d4 Nf6 2. c4 g6 3. Nc3 d5 4. Nf3 Bg7 5. e3 O-O 6. b4 a5 7. b5 c5 8. bxc6
Nxc6 9. Bb2 Bf5 10. Rc1 Rc8 11. cxd5 Nb4 12. Nh4 Bg4 13. Qb3 Nfxd5 14. Nxd5
Qxd5 15. Qxd5 Rxc1+ 16. Bxc1 Nxd5 17. Ba3 Rc8 18. Kd2 e5 19. h3 Be6 20. Nf3 Bf5
21. Bc5 b6 22. Ba6 Rc7 23. Bc4 bxc5 24. Bxd5 cxd4 25. e4 Bh6+ 26. Ke2 Rc2+ 27.
Kf1 Rc1+ 28. Ke2 Rc2+ 29. Kf1 d3 30. g4 Be6 31. Bxe6 fxe6 32. Kg2 d2 33. Rb1
Rc1 34. Rb8+ Kg7 35. Rb7+ Kf6 36. h4 Rg1+ 37. Kxg1 d1=Q+ 38. Kg2 g5 39. Rxh7
Bg7 40. h5 Qe2 41. h6 Bf8 42. Kg3 Bc5 0-1

[Event "CAN-ch"]
[Site "Toronto CAN"]
[Date "2006.08.26"]
[Round "9"]
[White "Lipnowski, Samuel"]
[Black "Filipovich, David"]
[Result "1/2-1/2"]
[WhiteElo "2247"]
[BlackElo "2236"]
[PlyCount "88"]
[EventDate "2006.08.18"]
[EventType "swiss"]
[EventRounds "9"]
[EventCountry "CAN"]
[Source "Mark Crowther"]
[SourceDate "2006.08.28"]

1. e4 d5 2. exd5 Nf6 3. Nf3 Nxd5 4. d4 g6 5. c4 Nb6 6. Nc3 Bg7 7. a4 a5 8. c5
Nd5 9. Bc4 c6 10. Qb3 e6 11. O-O O-O 12. Re1 Nd7 13. Bd2 b6 14. cxb6 Qxb6 15.
Qxb6 N7xb6 16. Bf1 Ba6 17. Bxa6 Rxa6 18. Ne5 Bxe5 19. dxe5 Nc4 20. Bh6 Rb8 21.
Ne4 Nxb2 22. Nc5 Raa8 23. Rec1 Rb4 24. Rc2 Rh4 25. Bg5 Rc4 26. Rac1 Rxc2 27.
Rxc2 Rb8 28. Bd2 Nd1 29. Kf1 Rb2 30. Rxb2 Nxb2 31. Bxa5 Nc4 32. Bd8 Nxe5 33. a5
Nc4 34. Nd7 Nc3 35. a6 Nb5 36. Nb8 Kf8 37. Nxc6 Ke8 38. Bf6 Kd7 39. a7 Nb6 40.
Ne5+ Ke8 41. Nc6 Kd7 42. Ne5+ Ke8 43. Nc6 Kd7 44. Ne5+ Ke8 1/2-1/2

[Event "CAN-ch"]
[Site "Toronto CAN"]
[Date "2006.08.26"]
[Round "9"]
[White "Masse, Hugues"]
[Black "Dougherty, Michael"]
[Result "1/2-1/2"]
[WhiteElo "2178"]
[BlackElo "2186"]
[PlyCount "97"]
[EventDate "2006.08.18"]
[EventType "swiss"]
[EventRounds "9"]
[EventCountry "CAN"]
[Source "Mark Crowther"]
[SourceDate "2006.08.28"]

1. d4 g6 2. c4 Bg7 3. e4 c5 4. d5 d6 5. Nc3 Nf6 6. Bd3 O-O 7. h3 Na6 8. Nf3 e5
9. Bg5 h6 10. Be3 Nh5 11. Qd2 Nf4 12. Bxf4 exf4 13. Qxf4 f5 14. exf5 Nb4 15.
Bb1 Bxf5 16. Qd2 Qe7+ 17. Kf1 Bxb1 18. Rxb1 Bxc3 19. bxc3 Qe4 20. Re1 Qxc4+ 21.
Kg1 Nxd5 22. Qxh6 Qxc3 23. Qxg6+ Qg7 24. Qe6+ Qf7 25. Qg4+ Kh8 26. Re6 Nf6 27.
Qh4+ Kg7 28. Qg5+ Kh7 29. Qf5+ Kg7 30. Ng5 Qg6 31. Re7+ Kh6 32. Qxg6+ Kxg6 33.
h4 Rae8 34. Rxe8 Rxe8 35. Kf1 b5 36. Rh3 a5 37. Re3 Rxe3 38. fxe3 Nd5 39. Ke2
Nc3+ 40. Kd2 b4 41. Kc2 Nxa2 42. Ne4 a4 43. Kb2 b3 44. Nxd6 Nb4 45. Nc4 Nc2 46.
Nb6 Nxe3 47. Nxa4 c4 48. Kc3 Kh5 49. g3 1/2-1/2

[Event "CAN-ch"]
[Site "Toronto CAN"]
[Date "2006.08.26"]
[Round "9"]
[White "Mikanovic, Goran"]
[Black "Plotkin, Victor"]
[Result "1/2-1/2"]
[WhiteElo "2284"]
[BlackElo "2164"]
[PlyCount "61"]
[EventDate "2006.08.18"]
[EventType "swiss"]
[EventRounds "9"]
[EventCountry "CAN"]
[Source "Mark Crowther"]
[SourceDate "2006.08.28"]

1. d4 d5 2. c4 dxc4 3. Nf3 Nf6 4. e3 c5 5. Bxc4 cxd4 6. exd4 e6 7. Nc3 Be7 8.
O-O O-O 9. Re1 Nbd7 10. Bb3 Nb6 11. Bg5 Bd7 12. Ne5 Bc6 13. Qd3 Nbd5 14. Nxc6
bxc6 15. Rac1 Rc8 16. Na4 Nh5 17. Bc2 g6 18. Bxe7 Qxe7 19. Bb3 Qg5 20. Qf3 Rfd8
21. Rcd1 Qf4 22. Qxf4 Nhxf4 23. g3 Nh5 24. Nc5 Ng7 25. Rd2 Nf5 26. Rc1 Nc7 27.
Rcd1 Kh8 28. Nb7 Rd7 29. Nc5 Rdd8 30. Nb7 Rd7 31. Nc5 1/2-1/2

[Event "CAN-ch"]
[Site "Toronto CAN"]
[Date "2006.08.26"]
[Round "9"]
[White "Milicevic, Goran"]
[Black "Predescu, Sebastian"]
[Result "1-0"]
[WhiteElo "2305"]
[BlackElo "2222"]
[PlyCount "111"]
[EventDate "2006.08.18"]
[EventType "swiss"]
[EventRounds "9"]
[EventCountry "CAN"]
[Source "Mark Crowther"]
[SourceDate "2006.08.28"]

1. e4 c5 2. Nf3 d6 3. c3 Nf6 4. Qc2 Nc6 5. d4 Bg4 6. dxc5 dxc5 7. Be3 e6 8. Bb5
Qc7 9. Nbd2 a6 10. Qa4 Rc8 11. Bxc6+ Qxc6 12. Qxc6+ Rxc6 13. Ne5 Rc8 14. f3 Bh5
15. g4 Bg6 16. h4 h5 17. Nxg6 fxg6 18. g5 Nd7 19. f4 Bd6 20. Nc4 Bb8 21. O-O-O
Ke7 22. e5 b5 23. Nd6 Rc6 24. Ne4 Rhc8 25. Rh2 Nb6 26. Kc2 Nd5 27. Bc1 c4 28.
Ng3 Rf8 29. Rd4 Ba7 30. Re4 Rc7 31. Ne2 Rd8 32. Ng3 Rf8 33. Nf1 a5 34. Kd1 b4
35. Rh3 Rfc8 36. Kc2 Kd7 37. Be3 bxc3 38. bxc3 Rb8 39. Bxa7 Rxa7 40. Nd2 Nb6
41. Nxc4 Nxc4 42. Rd3+ Ke7 43. Rxc4 Rab7 44. Rd6 Rb2+ 45. Kd3 Rxa2 46. Rc7+ Kf8
47. Rdd7 a4 48. Rf7+ Kg8 49. Rxg7+ Kh8 50. Rxg6 Rd8+ 51. Ke3 Rh2 52. Rxe6 a3
53. Ra6 a2 54. Rca7 Rh3+ 55. Ke4 Rxc3 56. Ra8 1-0

[Event "CAN-ch"]
[Site "Toronto CAN"]
[Date "2006.08.26"]
[Round "9"]
[White "Tremblay, Rejean"]
[Black "Bailey, Doug"]
[Result "1/2-1/2"]
[WhiteElo "2139"]
[BlackElo "2308"]
[PlyCount "146"]
[EventDate "2006.08.18"]
[EventType "swiss"]
[EventRounds "9"]
[EventCountry "CAN"]
[Source "Mark Crowther"]
[SourceDate "2006.08.28"]

1. d4 Nf6 2. c4 g6 3. Nc3 d5 4. Nf3 Bg7 5. Bf4 O-O 6. e3 c5 7. dxc5 Ne4 8. Be5
Bxe5 9. Nxe5 Nxc3 10. bxc3 Qa5 11. Qd2 Nc6 12. Nxc6 bxc6 13. cxd5 Qxc5 14. dxc6
Bf5 15. Be2 Rfd8 16. Qc1 Rac8 17. O-O Rxc6 18. Rd1 Rxd1+ 19. Bxd1 Qxc3 20. Qxc3
Rxc3 21. Bb3 Kg7 22. Rd1 Kf6 23. h3 Bd3 24. f3 e5 25. Kf2 e4 26. fxe4 Ke5 27.
Rd2 f6 28. Bd5 h5 29. Ba8 h4 30. Kf3 g5 31. Bb7 a5 32. Rb2 Rc1 33. g3 Rf1+ 34.
Kg2 Ra1 35. gxh4 gxh4 36. Kf3 Rg1 37. Rd2 Rg3+ 38. Kf2 Bc4 39. Rc2 Be6 40. Rc5+
Kd6 41. Rxa5 Bxh3 42. Rh5 Rg4 43. a4 Kc7 44. Bd5 Rg2+ 45. Ke1 Re2+ 46. Kxe2
Bg4+ 47. Kf2 Bxh5 48. a5 Bg4 49. Kg2 Kb8 50. Bc4 Ka7 51. Kh2 Kb7 52. Bf1 Ka7
53. Bd3 Kb7 54. Kg2 Ka7 55. Kf2 Kb7 56. Kg2 Ka7 57. Kh2 Kb7 58. Bf1 Ka7 59. Bh3
Bf3 60. Bf5 Ka6 61. Kh3 Kxa5 62. Kxh4 Kb4 63. Bg6 Kc3 64. Kg3 Bh1 65. Kf4 Kd2
66. Be8 Bg2 67. Bc6 Bh3 68. Be8 Bc8 69. Bg6 Bd7 70. Bf5 Bc6 71. Bh7 Bd7 72. e5
fxe5+ 73. Kxe5 Kxe3 1/2-1/2

[Event "CAN-ch U20 2006"]
[Site "Kitchener CAN"]
[Date "2006.07.10"]
[Round "1"]
[White "Huang, Richard"]
[Black "Walker, Adrian"]
[Result "1-0"]
[WhiteElo "1801"]
[BlackElo "1792"]
[PlyCount "99"]
[EventDate "2006.07.10"]
[EventType "tourn"]
[EventRounds "7"]
[EventCountry "CAN"]

1. Nf3 Nf6 2. c4 e6 3. g3 Be7 4. Bg2 d5 5. O-O Nbd7 6. b3 O-O 7. Bb2 Re8 8. Qc2
Rb8 9. Nc3 c6 10. d4 Bd6 11. e4 e5 12. dxe5 Nxe5 13. exd5 cxd5 14. Nxd5 Nxd5
15. cxd5 Ng4 16. Qc3 f6 17. Qd3 b6 18. Nd4 Qd7 19. Nc6 Ra8 20. Rfe1 Bb7 21. h3
Nxf2 22. Kxf2 Bxc6 23. Bd4 Bb5 24. Qf3 Re5 25. Bxe5 Bc5+ 26. Re3 fxe5 27. Qe4
Rf8+ 28. Kg1 Qf7 29. Kh2 Bxe3 30. Qxe3 Qf6 31. Re1 Qf2 32. Qxf2 Rxf2 33. Kg1
Re2 34. Rxe2 Bxe2 35. Kf2 Bh5 36. Ke3 Bg6 37. Be4 Kf7 38. Bxg6+ Kxg6 39. h4 Kf5
40. g4+ Kg6 41. Ke4 Kf6 42. g5+ Kf7 43. Kxe5 Ke7 44. h5 b5 45. b4 Kd7 46. d6 h6
47. g6 Kd8 48. Ke6 Ke8 49. d7+ Kd8 50. Kd6 1-0

[Event "CAN-ch U20 2006"]
[Site "Kitchener CAN"]
[Date "2006.07.11"]
[Round "3"]
[White "Derraugh, Geordie"]
[Black "Zhou, Haonan"]
[Result "1/2-1/2"]
[WhiteElo "1888"]
[BlackElo "1821"]
[PlyCount "48"]
[EventDate "2006.07.10"]
[EventType "tourn"]
[EventRounds "7"]
[EventCountry "CAN"]

1. e4 e6 2. d4 d5 3. exd5 exd5 4. c4 Nf6 5. Nc3 Bb4 6. Nf3 O-O 7. Be2 dxc4 8.
O-O Nc6 9. Bxc4 Bg4 10. Be3 Ba5 11. h3 Bh5 12. Be2 Bb6 13. Qa4 Qd7 14. Rfd1
Rad8 15. Bg5 Bxf3 16. Bxf3 Nxd4 17. Bxb7 Qf5 18. Bxf6 Qxf6 19. Rf1 Rfe8 20.
Rae1 Rxe1 21. Rxe1 Ne6 22. Qc2 Qg5 23. Rd1 Rxd1+ 24. Qxd1 Qc5 1/2-1/2

[Event "CAN-ch U20 2006"]
[Site "Kitchener CAN"]
[Date "2006.07.11"]
[Round "3"]
[White "Henry, Liam"]
[Black "Walker, Adrian"]
[Result "1-0"]
[WhiteElo "2122"]
[BlackElo "1792"]
[PlyCount "45"]
[EventDate "2006.07.10"]
[EventType "tourn"]
[EventRounds "7"]
[EventCountry "CAN"]

1. e4 e5 2. Nf3 Nc6 3. Bb5 a6 4. Ba4 Nf6 5. O-O Bc5 6. Bxc6 dxc6 7. d3 Bg4 8.
h3 Bxf3 9. Qxf3 O-O 10. Nd2 Ne8 11. Nc4 f6 12. Be3 Bd6 13. Qg3 g6 14. Kh1 Ng7
15. Rad1 c5 16. c3 f5 17. exf5 Nxf5 18. Qf3 Nxe3 19. Qxe3 Qh4 20. Nxe5 Rae8 21.
d4 Rf5 22. Nxg6 Qd8 23. Ne5 1-0

[Event "CAN-ch U20 2006"]
[Site "Kitchener CAN"]
[Date "2006.07.11"]
[Round "4"]
[White "Zhou, Haonan"]
[Black "Fan, Brendan"]
[Result "1/2-1/2"]
[WhiteElo "1821"]
[BlackElo "1952"]
[PlyCount "70"]
[EventDate "2006.07.10"]
[EventType "tourn"]
[EventRounds "7"]
[EventCountry "CAN"]

1. d4 e6 2. c4 Nf6 3. Nf3 Bb4+ 4. Bd2 Qe7 5. g3 Nc6 6. Bg2 Bxd2+ 7. Nbxd2 d6 8.
O-O a5 9. e4 e5 10. d5 Nb8 11. b3 O-O 12. a3 Nh5 13. b4 f5 14. exf5 axb4 15.
Nh4 Nf4 16. axb4 Rxa1 17. Qxa1 Na6 18. Qa3 Nxg2 19. Kxg2 Bxf5 20. Nxf5 Rxf5 21.
Ne4 Rf8 22. c5 dxc5 23. bxc5 Qf7 24. Qb3 c6 25. Nd6 Nxc5 26. Nxf7 Nxb3 27. Nxe5
cxd5 28. Rb1 Nc5 29. Rb5 Rc8 30. Rb6 d4 31. Rd6 d3 32. Nxd3 Nxd3 33. Rxd3 b5
34. Rb3 Rb8 35. f4 Kf7 1/2-1/2

[Event "CAN-ch U20 2006"]
[Site "Kitchener CAN"]
[Date "2006.07.12"]
[Round "5"]
[White "Huang, Richard"]
[Black "Zhou, Haonan"]
[Result "1-0"]
[WhiteElo "1801"]
[BlackElo "1821"]
[PlyCount "53"]
[EventDate "2006.07.10"]
[EventType "tourn"]
[EventRounds "7"]
[EventCountry "CAN"]

1. Nf3 d5 2. g3 Nf6 3. Bg2 c6 4. O-O Bf5 5. d3 e6 6. Nh4 Bg4 7. Nd2 Be7 8. f4
Qb6+ 9. Kh1 Nbd7 10. Qe1 Nh5 11. e4 Bxh4 12. gxh4 Nhf6 13. exd5 cxd5 14. Nb3
O-O 15. Bd2 Qc7 16. Rc1 Nb8 17. Qg3 Bh5 18. Rg1 Ne8 19. Bb4 Nd6 20. f5 Rd8 21.
Bxd5 Ne8 22. Qxc7 Nxc7 23. Bxb7 Nba6 24. Bc3 Rab8 25. Rxg7+ Kf8 26. Rxh7 Bg4
27. Bf6 1-0

[Event "CAN-ch U20 2006"]
[Site "Kitchener CAN"]
[Date "2006.07.12"]
[Round "6"]
[White "Zhou, Haonan"]
[Black "Henry, Liam"]
[Result "0-1"]
[WhiteElo "1821"]
[BlackElo "2122"]
[PlyCount "124"]
[EventDate "2006.07.10"]
[EventType "tourn"]
[EventRounds "7"]
[EventCountry "CAN"]

1. d4 g6 2. c4 Bg7 3. e4 d6 4. Nc3 Nc6 5. Nge2 e5 6. Be3 exd4 7. Nxd4 Nge7 8.
h4 h5 9. Qd2 O-O 10. Be2 Nxd4 11. Bxd4 Bxd4 12. Qxd4 Nc6 13. Qd2 Be6 14. O-O-O
Ne5 15. b3 a5 16. Rdf1 Bd7 17. f4 Ng4 18. f5 gxf5 19. exf5 Qf6 20. Bxg4 hxg4
21. Qg5+ Qxg5+ 22. hxg5 Bc6 23. Nd5 Bxd5 24. cxd5 Kg7 25. Rh6 Rh8 26. f6+ Kg8
27. Rxh8+ Kxh8 28. Re1 Kh7 29. Re7 Kg6 30. Kd2 Rh8 31. Ke3 Rh5 32. Kf4 Rxg5 33.
Rxf7 Rxd5 34. Rxc7 Kxf6 35. Rxb7 Rd2 36. g3 Rxa2 37. Kxg4 Ke5 38. b4 a4 39. Ra7
Kd5 40. Ra5+ Kc4 41. b5 Kc5 42. Ra6 d5 43. b6 Kc6 44. Ra5 d4 45. b7 Kxb7 46.
Rd5 a3 47. Rxd4 Rb2 48. Ra4 a2 49. Kh5 Kb6 50. Kh6 Rh2+ 51. Kg6 Rg2 52. Kf6 Kb5
53. Ra8 Rf2+ 54. Kg6 Rc2 55. Kf5 Rc5+ 56. Kf4 Rc4+ 57. Kf5 Ra4 58. Rb8+ Kc6 59.
Rc8+ Kd7 60. Rc1 a1=Q 61. Rxa1 Rxa1 62. g4 Ke7 0-1

[Event "CAN-ch U20 2006"]
[Site "Kitchener CAN"]
[Date "2006.07.13"]
[Round "7"]
[White "Henry, Liam"]
[Black "Derraugh, Geordie"]
[Result "1-0"]
[WhiteElo "2122"]
[BlackElo "1888"]
[PlyCount "143"]
[EventDate "2006.07.10"]
[EventType "tourn"]
[EventRounds "7"]
[EventCountry "CAN"]

1. e4 e5 2. Nf3 Nc6 3. Bb5 a6 4. Ba4 Nf6 5. O-O Be7 6. Bxc6 dxc6 7. d3 Bg4 8.
h3 Bxf3 9. Qxf3 Qd6 10. Nd2 Qe6 11. Nc4 O-O-O 12. Be3 h6 13. Rfb1 g5 14. Bd2
Rdg8 15. Ne3 g4 16. hxg4 Nxg4 17. Qf5 Nxe3 18. Qxe6+ fxe6 19. Bxe3 Rg6 20. g3
Rf8 21. Kg2 h5 22. Rh1 h4 23. Rh3 Rfg8 24. Kf3 hxg3 25. Rxg3 Bd6 26. Rh1 Rf8+
27. Kg2 Rgf6 28. Rh6 Rxh6 29. Bxh6 Rf7 30. Bd2 Kd7 31. Bc3 Rh7 32. Rg5 Rf7 33.
Bxe5 Bxe5 34. Rxe5 Rg7+ 35. Kf1 Rh7 36. Rg5 Rh1+ 37. Rg1 Rh5 38. Ke2 c5 39. Rg2
Rh7 40. Kd2 Rf7 41. Ke3 Kd6 42. f4 b6 43. a4 a5 44. b3 Kd7 45. Rg4 Kd6 46. Rg6
Kd7 47. Rg4 Kd6 48. Kd2 Rh7 49. Kc3 Rf7 50. Kc4 Kc6 51. c3 Rh7 52. Rg3 Rf7 53.
Rf3 Rf8 54. f5 exf5 55. exf5 Kd6 56. Kb5 Rf6 57. Ka6 Kc6 58. Ka7 Kd6 59. Kb7
Rf7 60. f6 Kd5 61. Rh3 Rxf6 62. Kxc7 Ke5 63. Re3+ Kd5 64. Re8 Rh6 65. Rd8+ Ke5
66. d4+ cxd4 67. cxd4+ Ke4 68. d5 Rh3 69. d6 Kd5 70. d7 Rc3+ 71. Kb7 Kd6 72.
Rc8 1-0

[Event "CAN-ch U20 qual."]
[Site "Kitchener CAN"]
[Date "2006.07.08"]
[Round "1"]
[White "Fan, Brendan"]
[Black "Kaufman, Harris"]
[Result "1/2-1/2"]
[WhiteElo "1952"]
[BlackElo "1758"]
[PlyCount "44"]
[EventDate "2006.07.03"]
[EventType "swiss"]
[EventRounds "4"]
[EventCountry "CAN"]

1. e4 c5 2. Nc3 d6 3. f4 g6 4. Nf3 Bg7 5. Bc4 e6 6. O-O Ne7 7. d3 O-O 8. Qe1
Nbc6 9. Bb3 Rb8 10. f5 gxf5 11. Qh4 fxe4 12. Ng5 h6 13. Nxf7 Rxf7 14. Rxf7 Kxf7
15. Bxh6 Nf5 16. Qh5+ Kg8 17. Qxf5 Bxh6 18. Qg6+ Bg7 19. Bxe6+ Bxe6 20. Qxe6+
Kh8 21. Qh3+ Kg8 22. Qe6+ Kh8 1/2-1/2

[Event "CAN-ch U20 qual."]
[Site "Kitchener CAN"]
[Date "2006.07.08"]
[Round "1"]
[White "Xiong, Jerry"]
[Black "Henry, Liam"]
[Result "1-0"]
[WhiteElo "1896"]
[BlackElo "2122"]
[PlyCount "61"]
[EventDate "2006.07.03"]
[EventType "swiss"]
[EventRounds "4"]
[EventCountry "CAN"]

1. e4 c5 2. Nf3 d6 3. d4 cxd4 4. Nxd4 Nf6 5. Nc3 a6 6. f3 e5 7. Nb3 Be6 8. Be3
Nbd7 9. Qd2 b5 10. O-O-O Nb6 11. Qf2 Nc4 12. g4 Bxg4 13. Rg1 Nxe3 14. Qxe3 Be6
15. f4 exf4 16. Qxf4 Qc7 17. Nd5 Bxd5 18. exd5 Be7 19. Rxg7 Rf8 20. Rg2 Nd7 21.
Nd4 h5 22. Nc6 Ne5 23. Re2 f6 24. Qh6 Nxc6 25. Qxh5+ Kd8 26. dxc6 Ra7 27. Qd5
f5 28. Bh3 Qc8 29. Rf1 Rc7 30. Rxf5 Rh8 31. Rh5 1-0

[Event "CAN-ch U20 qual."]
[Site "Kitchener CAN"]
[Date "2006.07.08"]
[Round "1"]
[White "Zhou, Haonan"]
[Black "Yang, Michael"]
[Result "0-1"]
[WhiteElo "1821"]
[BlackElo "2021"]
[PlyCount "80"]
[EventDate "2006.07.03"]
[EventType "swiss"]
[EventRounds "4"]
[EventCountry "CAN"]

1. d4 Nf6 2. c4 c5 3. d5 e6 4. Nc3 exd5 5. cxd5 d6 6. e4 g6 7. f4 Bg7 8. Bb5+
Nfd7 9. a4 Qh4+ 10. g3 Qe7 11. Nge2 O-O 12. O-O Nf6 13. Bd3 Na6 14. Bd2 Bg4 15.
Qe1 Nb4 16. Bb1 Rfe8 17. Rf2 Rac8 18. Kg2 Qd7 19. Ng1 Nbxd5 20. h3 Nxc3 21.
Bxc3 Be6 22. Re2 Bc4 23. Re3 d5 24. Bxf6 Bxf6 25. e5 d4 26. Rea3 Bd5+ 27. Be4
c4 28. Rd1 d3 29. Bxd5 Qxd5+ 30. Nf3 Be7 31. Raa1 a5 32. Rac1 Bb4 33. Qe3 d2
34. Rb1 Qd3 35. Qxd3 cxd3 36. Kf2 Bc5+ 37. Kf1 Be3 38. Nxd2 f5 39. Ke1 Rc2 40.
Rbc1 Bxd2+ 0-1

[Event "CAN-ch U20 qual."]
[Site "Kitchener CAN"]
[Date "2006.07.08"]
[Round "2"]
[White "Henry, Liam"]
[Black "Ho, Conrad"]
[Result "1-0"]
[WhiteElo "2122"]
[BlackElo "1898"]
[PlyCount "55"]
[EventDate "2006.07.03"]
[EventType "swiss"]
[EventRounds "4"]
[EventCountry "CAN"]

1. e4 e6 2. d4 d5 3. Nc3 Bb4 4. e5 Ne7 5. a3 Bxc3+ 6. bxc3 b6 7. a4 Ba6 8. Bxa6
Nxa6 9. Nf3 Nb8 10. O-O Nbc6 11. Ng5 Qd7 12. Qh5 Ng6 13. f4 O-O-O 14. Ba3 f6
15. f5 fxg5 16. fxg6 hxg6 17. Qxg6 Rh6 18. Qxg5 Kb7 19. Rf8 Rxf8 20. Bxf8 Qe8
21. Qxg7 Rg6 22. Qh7 Rg4 23. Bd6 Qd8 24. Rf1 Nb8 25. Bxc7 Qe8 26. Bd6+ Ka6 27.
Rf7 Nc6 28. Qd3+ 1-0

[Event "CAN-ch U20 qual."]
[Site "Kitchener CAN"]
[Date "2006.07.08"]
[Round "2"]
[White "Huang, Richard"]
[Black "Fan, Brendan"]
[Result "0-1"]
[WhiteElo "1801"]
[BlackElo "1952"]
[PlyCount "90"]
[EventDate "2006.07.03"]
[EventType "swiss"]
[EventRounds "4"]
[EventCountry "CAN"]

1. Nf3 Nf6 2. g3 b6 3. Bg2 Bb7 4. O-O e6 5. c4 Be7 6. Nc3 O-O 7. d3 d6 8. Bd2
a5 9. a3 Na6 10. Qc2 c5 11. Rad1 Rb8 12. e3 Qd7 13. Nb5 Rfc8 14. Bc3 Bc6 15. a4
Rd8 16. b3 Rbc8 17. e4 Ne8 18. Rfe1 Bf6 19. Bxf6 Nxf6 20. Qe2 Qb7 21. Nh4 Nb4
22. f4 d5 23. e5 Ne8 24. f5 exf5 25. Nxf5 Bxb5 26. axb5 Qd7 27. e6 fxe6 28.
Qxe6+ Qxe6 29. Rxe6 dxc4 30. bxc4 Rb8 31. Re3 Kh8 32. Bf1 Nd6 33. Nh4 Nxc4 34.
Re7 Nd5 35. Ra7 Nd6 36. Rb1 Nc3 37. Re1 Ndxb5 38. Rf7 Nd6 39. Ra7 Ra8 40. Rxa8
Rxa8 41. Re6 Rd8 42. Nf3 Ncb5 43. Ne5 Kg8 44. Nc6 Re8 45. Rxd6 Nxd6 0-1

[Event "CAN-ch U20 qual."]
[Site "Kitchener CAN"]
[Date "2006.07.08"]
[Round "2"]
[White "Yang, Michael"]
[Black "Oberton, Daniel"]
[Result "1-0"]
[WhiteElo "2021"]
[BlackElo "1780"]
[PlyCount "101"]
[EventDate "2006.07.03"]
[EventType "swiss"]
[EventRounds "4"]
[EventCountry "CAN"]

1. e4 c5 2. Nf3 d6 3. d4 cxd4 4. Nxd4 Nf6 5. Nc3 g6 6. Be3 Bg7 7. f3 Nc6 8. Qd2
O-O 9. Bc4 Bd7 10. O-O-O Rc8 11. Bb3 Ne5 12. g4 b5 13. a3 a5 14. Kb1 b4 15.
axb4 axb4 16. Na2 Ra8 17. h4 Ba4 18. Qxb4 Bxb3 19. Qxb3 Qa5 20. c3 Rfb8 21. Nb4
Rb7 22. h5 Nd3 23. Ndc6 Qa1+ 24. Kc2 Nxb4+ 25. Nxb4 Qa5 26. hxg6 hxg6 27. g5
Nd7 28. f4 Rc8 29. Kb1 Nc5 30. Qc4 Rcb8 31. e5 Rb5 32. Rd5 Nd7 33. Rxb5 Qxb5
34. Qxb5 Rxb5 35. exd6 exd6 36. Rd1 Bf8 37. Rd5 Rb8 38. Kc2 f6 39. Bd4 Kf7 40.
Nd3 Ke6 41. c4 fxg5 42. Rxg5 Kf7 43. b4 Bh6 44. Ra5 Bxf4 45. Ra7 Ke8 46. Nxf4
Rxb4 47. Kc3 Rb1 48. Nxg6 Re1 49. Nf4 Ne5 50. Bxe5 Rxe5 51. Nd5 1-0